00363nam a2200121Ia 45000010005000000080041000050820027000461000066000732450017001392600043001569010027001999990015002263768241024s9999 xx 000 0 und d aRD/577.079/AS837m/2013 aRepública Dominicana. Asociación para el Desarrollo APEDI 0aMemoria 2013 bSantiago, República Dominicanac2013 a22/5/2014 2:09:37 p.m. c8170d8170